Guess the Location #81 (Set 6) - Statistics

General Stats
  • This quiz has been taken 20 times
  • The average score is 12 of 15
Answer Stats
ccTLD Continent Sovereign
State?
Explanation Answer % Correct
.om Asia Y Oman
100%
.ye Asia Y Yemen
100%
.ar S. Amer. Y [For this quiz, explanations are unnecessary.] Argentina
94%
.bt Asia Y Bhutan
94%
.np Asia Y Nepal
94%
.sy Asia Y Syria
94%
.ug Africa Y Uganda
94%
.hn N. Amer. Y Honduras
89%
.so Africa Y Somalia
89%
.pr N. Amer. N Puerto Rico
72%
.vc N. Amer. Y Saint Vincent and the Grenadines
67%
.cv Africa Y Cape Verde
61%
.lr Africa Y Liberia
61%
.je Europe N Jersey
56%
.mu Africa Y Mauritius
56%
No matching quizzes found
Score Distribution
Percent of People with Each Score
Percentile by Number Answered
Your Score History
You have not taken this quiz